[Event "US Masters op"]
[Site "Greensboro"]
[Date "2018.08.20"]
[Round "7"]
[White "Patrick, Vann Alan"]
[Black "Kong, Dezheng"]
[Result "0-1"]
[WhiteElo "1848"]
[BlackElo "2130"]
[PlyCount "80"]
[EventDate "2018.08.17"]
[EventType "swiss"]
[EventRounds "9"]
[EventCountry "USA"]
[SourceTitle "CBM 186 Extra"]
[Source "ChessBase"]
[SourceDate "2018.08.24"]
[SourceVersion "1"]
[SourceVersionDate "2018.08.24"]
[SourceQuality "1"]

1. c4 e5 2. Nc3 Nf6 3. g3 Nc6 4. Bg2 Bb4 5. Nd5 0-0 6. Nxb4 Nxb4 7. a3 Nc6 8. b4 d5 9. cxd5 Nxd5 10. Bb2 Re8 11. e3 a5 12. b5 Na7 13. Qa4 Qd7 14. Qxa5 e4 15. Ne2 Qxb5 16. Qxb5 Nxb5 17. Nd4 Nxd4 18. Bxd4 Ra4 19. d3 exd3 20. Kd2 Rd8 21. Rhc1 c6 22. Kxd3 Nc7 23. Ke2 Nb5 24. Bb6 Re8 25. Bc5 Be6 26. Ke1 Rea8 27. Rab1 Bc8 28. Rxb5 cxb5 29. Bb4 R4a6 30. Rc7 Rb8 31. h4 Be6 32. Be4 Bc4 33. f3 Re6 34. Kf2 Rbe8 35. g4 b6 36. h5 h6 37. Rb7 Rxe4 38. fxe4 Rxe4 39. g5 hxg5 40. Rxb6 Rh4 0-1

[Event "US Masters op"]
[Site "Greensboro"]
[Date "2018.08.17"]
[Round "1"]
[White "Checa, Nicolas D"]
[Black "Kong, Dezheng"]
[Result "1-0"]
[WhiteElo "2478"]
[BlackElo "2130"]
[PlyCount "75"]
[EventDate "2018.08.17"]
[EventType "swiss"]
[EventRounds "9"]
[EventCountry "USA"]
[SourceTitle "CBM 186 Extra"]
[Source "ChessBase"]
[SourceDate "2018.08.24"]
[SourceVersion "1"]
[SourceVersionDate "2018.08.24"]
[SourceQuality "1"]

1. d4 Nf6 2. c4 e6 3. Nf3 d5 4. Nc3 Bb4 5. cxd5 exd5 6. Bg5 h6 7. Bh4 0-0 8. e3 Be6 9. Bd3 Nbd7 10. 0-0 Be7 11. h3 Re8 12. Rb1 c6 13. b4 Bd6 14. Ne2 a6 15. Qc2 Rc8 16. Bg3 Bxg3 17. Nxg3 b5 18. Ne5 Nb6 19. f4 Nc4 20. f5 Bd7 21. Bxc4 bxc4 22. e4 Qb6 23. Qf2 Rcd8 24. Nxf7 Kxf7 25. e5 Ne4 26. Nxe4 dxe4 27. Rbe1 e3 28. Qxe3 Bc8 29. Rf4 Rd5 30. Qg3 Rexe5 31. Rxe5 Rxe5 32. Qg6+ Kg8 33. f6 Re1+ 34. Kf2 Qb7 35. f7+ Kf8 36. Qxg7+ Kxg7 37. f8Q+ Kg6 38. Rf6+ 1-0

[Event "Los Angeles Metropolitan 22nd"]
[Site "Los Angeles"]
[Date "2012.08.15"]
[Round "3"]
[White "Vibbert, Sean"]
[Black "Kong, Dezheng"]
[Result "1-0"]
[WhiteElo "2240"]
[BlackElo "2051"]
[PlyCount "95"]
[EventDate "2012.08.14"]
[EventType "swiss"]
[EventRounds "9"]
[EventCountry "USA"]
[SourceTitle "CBM 150 Extra"]
[Source "ChessBase"]
[SourceDate "2012.10.19"]
[SourceVersion "1"]
[SourceVersionDate "2012.10.19"]
[SourceQuality "1"]

1. e4 c5 2. Nf3 d6 3. d4 cxd4 4. Nxd4 Nf6 5. Nc3 a6 6. h3 e5 7. Nde2 Be7 8. Bg5 Nbd7 9. Ng3 Nf8 10. Bc4 Be6 11. Bxf6 Bxf6 12. Bd5 Qd7 13. Qf3 Rg8 14. 0-0 Ng6 15. Nf5 Bxf5 16. Qxf5 Rd8 17. g3 Rh8 18. Qh5 Rc8 19. a4 Nf8 20. Ra3 g6 21. Qf3 Bd8 22. Rd1 Rc7 23. Bb3 f5 24. a5 Ne6 25. Ba4 Rc6 26. exf5 Ng5 27. Qg2 gxf5 28. h4 Ne6 29. Nd5 Nc5 30. Nb6 Qc7 31. Bxc6+ bxc6 32. Qf3 Rf8 33. Qh5+ Rf7 34. Nc4 Be7 35. Re3 Ne4 36. Rf3 f4 37. Nb6 d5 38. c4 Bc5 39. b4 Bxf2+ 40. Rxf2 Nxf2 41. Kxf2 e4 42. cxd5 e3+ 43. Kg1 f3 44. d6 f2+ 45. Kf1 Qb7 46. Qe5+ Kd8 47. Qh8+ Rf8 48. Qxf8# 1-0

[Event "CAN-ch op 49th"]
[Site "Victoria"]
[Date "2012.07.08"]
[Round "1"]
[White "Kong, Dezheng"]
[Black "Porper, Edward"]
[Result "1/2-1/2"]
[WhiteElo "2057"]
[BlackElo "2421"]
[PlyCount "70"]
[EventDate "2012.07.08"]
[EventType "swiss"]
[EventRounds "9"]
[EventCountry "CAN"]
[SourceTitle "CBM 149 Extra"]
[Source "ChessBase"]
[SourceDate "2012.08.24"]
[SourceVersion "1"]
[SourceVersionDate "2012.08.24"]
[SourceQuality "1"]

1. d4 Nf6 2. c4 e6 3. Nf3 Bb4+ 4. Bd2 a5 5. Nc3 b6 6. g3 0-0 7. Bg2 Ba6 8. Ne5 Ra7 9. Qb3 Bb7 10. 0-0 Bxg2 11. Kxg2 d6 12. Nf3 Bxc3 13. Bxc3 Ne4 14. Rad1 Qd7 15. h4 f5 16. Bd2 Qe8 17. Bf4 Nd7 18. Qb5 a4 19. Qc6 Qc8 20. Qb5 a3 21. Rd3 axb2 22. Qxb2 Qa6 23. Qc1 Qxa2 24. Ng5 Nxg5 25. hxg5 Ra4 26. Rc3 Rfa8 27. Qe3 Nf8 28. Rfc1 Ra3 29. Qf3 R8a7 30. e4 Rxc3 31. Rxc3 Qb1 32. exf5 Qxf5 33. Qc6 Ra1 34. Qxc7 Qe4+ 35. Rf3 Rg1+ 1/2-1/2

[Event "CAN-ch U14"]
[Site "Vancouver"]
[Date "2012.07.04"]
[Round "4"]
[White "Wang, Richard"]
[Black "Kong, Dezheng"]
[Result "1-0"]
[WhiteElo "2427"]
[BlackElo "2068"]
[PlyCount "101"]
[EventDate "2012.07.03"]
[EventType "swiss"]
[EventRounds "7"]
[EventCountry "CAN"]
[SourceTitle "EXT 2022"]
[Source "ChessBase"]
[SourceDate "2021.10.06"]
[SourceVersion "1"]
[SourceVersionDate "2021.10.06"]
[SourceQuality "1"]

1. d4 Nf6 2. c4 g6 3. Nc3 Bg7 4. e4 d6 5. h3 0-0 6. Nf3 c5 7. d5 e6 8. Bd3 exd5 9. cxd5 a6 10. a4 Re8 11. 0-0 Qc7 12. Bf4 Nbd7 13. Re1 Nh5 14. Bh2 Ne5 15. Be2 Nxf3+ 16. Bxf3 Nf6 17. e5 dxe5 18. d6 Qb6 19. Bxe5 Be6 20. a5 Qa7 21. Na4 Rad8 22. Qc2 Nd7 23. Bxg7 Kxg7 24. Rac1 c4 25. Qc3+ Kg8 26. Qb4 Rb8 27. Nb6 Nxb6 28. axb6 Qa8 29. Be2 a5 30. Qa4 Red8 31. Red1 Qa6 32. Bxc4 Bxc4 33. Rxc4 Qxb6 34. Qa3 Rd7 35. Rc5 Rbd8 36. Rcd5 h5 37. R1d2 f6 38. Qd3 Kf7 39. Qc4 Kf8 40. Qf4 Kg7 41. Qe4 Rf8 42. Qe6 Rfd8 43. Kh2 Qc6 44. h4 Qb6 45. f4 f5 46. R2d3 Qb4 47. Rg3 Qd2 48. Rxg6+ Kh7 49. Rh6+ Kg7 50. Qf6+ Kg8 51. Rh8# 1-0

[Event "Pan American-ch U12"]
[Site "Cali"]
[Date "2011.07.07"]
[Round "7"]
[White "Kong, Dezheng"]
[Black "Cori Quispe, Kevin Joel"]
[Result "1-0"]
[WhiteElo "2069"]
[BlackElo "1986"]
[PlyCount "71"]
[EventDate "2011.07.03"]
[EventType "swiss"]
[EventRounds "9"]
[EventCountry "COL"]
[SourceTitle "CBM 143 Extra"]
[Source "ChessBase"]
[SourceDate "2011.08.29"]
[SourceVersion "1"]
[SourceVersionDate "2011.08.29"]
[SourceQuality "1"]

1. d4 Nf6 2. Nf3 g6 3. Nc3 d5 4. Bf4 Bg7 5. e3 0-0 6. Be2 b6 7. Ne5 Bb7 8. h4 h6 9. Qd2 Nfd7 10. Nxd7 Nxd7 11. 0-0-0 Kh7 12. Bd3 f5 13. g4 e6 14. f3 a6 15. Rdg1 c5 16. gxf5 exf5 17. Qg2 Qe8 18. Rh3 Rf6 19. Rg3 Qe6 20. Be5 Nxe5 21. dxe5 Qxe5 22. Rxg6 Rxg6 23. Qxg6+ Kg8 24. Bxf5 Re8 25. Nd1 d4 26. f4 Qe7 27. Be6+ Kf8 28. f5 Qf6 29. Qh7 Rxe6 30. fxe6 dxe3 31. e7+ Qxe7 32. Rf1+ Bf6 33. Qxh6+ Kf7 34. Qxe3 Qxe3+ 35. Nxe3 Kg6 36. h5+ 1-0

[Event "Pan American-ch U12"]
[Site "Cali"]
[Date "2011.07.06"]
[Round "6"]
[White "Gonzales Lituma, Gabriel Fernand"]
[Black "Kong, Dezheng"]
[Result "0-1"]
[WhiteElo "1697"]
[BlackElo "2069"]
[PlyCount "93"]
[EventDate "2011.07.03"]
[EventType "swiss"]
[EventRounds "9"]
[EventCountry "COL"]
[SourceTitle "CBM 143 Extra"]
[Source "ChessBase"]
[SourceDate "2011.08.29"]
[SourceVersion "1"]
[SourceVersionDate "2011.08.29"]
[SourceQuality "1"]

1. e4 d5 2. exd5 Nf6 3. Nc3 Nxd5 4. Bc4 Nb6 5. Bb3 g6 6. Nf3 Bg7 7. d3 0-0 8. 0-0 Nc6 9. Bf4 a6 10. Qd2 Na5 11. Bh6 Nxb3 12. axb3 Bg4 13. Bxg7 Kxg7 14. Ne5 Bf5 15. Qe3 Qd6 16. Rfe1 Rae8 17. Nc4 Nxc4 18. bxc4 e5 19. Ra5 f6 20. Qc5 Qd8 21. Qd5 Qc8 22. c5 Bd7 23. Qc4 Bc6 24. Raa1 Rd8 25. Qh4 Rd4 26. Ne4 Qd7 27. Qh3 Qxh3 28. gxh3 Bxe4 29. Rxe4 Rxe4 30. dxe4 Rd8 31. Rc1 Kh6 32. Kg2 Rd4 33. Kf3 Rc4 34. c3 Rxc5 35. Rd1 Rb5 36. b4 c5 37. Rd5 cxb4 38. Rxb5 axb5 39. cxb4 Kh5 40. Kg3 Kg5 41. h4+ Kh5 42. Kh3 f5 43. Kg3 f4+ 44. Kh3 b6 45. f3 h6 46. Kg2 Kxh4 47. h3 0-1

[Event "Keres Memorial 36th"]
[Site "Vancouver"]
[Date "2011.05.23"]
[Round "7"]
[White "Kong, Dezheng"]
[Black "Chan, James"]
[Result "1-0"]
[WhiteElo "2040"]
[BlackElo "1990"]
[PlyCount "95"]
[EventDate "2011.05.20"]
[EventType "swiss"]
[EventRounds "7"]
[EventCountry "CAN"]
[SourceTitle "CBM 142 Extra"]
[Source "ChessBase"]
[SourceDate "2011.06.27"]
[SourceVersion "1"]
[SourceVersionDate "2011.06.27"]
[SourceQuality "1"]

1. d4 f5 2. Bg5 g6 3. Nf3 Bg7 4. h4 h6 5. Bf4 d6 6. Qd2 Nf6 7. Nc3 c6 8. a4 Qa5 9. g3 Be6 10. Bh3 Nd5 11. Nxd5 Qxd2+ 12. Bxd2 Bxd5 13. c3 0-0 14. 0-0 e5 15. dxe5 dxe5 16. Rac1 c5 17. Be3 b6 18. Rcd1 Bc4 19. Rfe1 Nc6 20. Rd6 Ne7 21. Nd2 Bf7 22. Nf1 Rad8 23. Red1 Nc6 24. h5 g5 25. Bxf5 Bxh5 26. Bd7 Nd4 27. cxd4 exd4 28. Be6+ Kh8 29. Rxd8 Rxd8 30. Bc4 Re8 31. Bb5 Bxe2 32. Bxe2 dxe3 33. Nxe3 Bxb2 34. Bb5 Re4 35. Rd8+ Kg7 36. Rd7+ Kf6 37. Rxa7 Bd4 38. Rb7 Bxe3 39. fxe3 Rxe3 40. Rxb6+ Ke5 41. Kf2 Ra3 42. Rxh6 c4 43. Bxc4 Rxa4 44. Be2 Rb4 45. Rh8 Rb3 46. Rf8 Ke4 47. Bf3+ Ke5 48. g4 1-0

[Event "Keres Memorial 36th"]
[Site "Vancouver"]
[Date "2011.05.21"]
[Round "3"]
[White "Kong, Dezheng"]
[Black "Kostadinov, George"]
[Result "1-0"]
[WhiteElo "2040"]
[BlackElo "2123"]
[PlyCount "127"]
[EventDate "2011.05.20"]
[EventType "swiss"]
[EventRounds "7"]
[EventCountry "CAN"]
[SourceTitle "CBM 142 Extra"]
[Source "ChessBase"]
[SourceDate "2011.06.27"]
[SourceVersion "1"]
[SourceVersionDate "2011.06.27"]
[SourceQuality "1"]

1. Nf3 c5 2. c4 Nc6 3. Nc3 g6 4. g3 Bg7 5. Bg2 Nf6 6. d4 cxd4 7. Nxd4 0-0 8. 0-0 Qb6 9. Nb3 d6 10. Be3 Qb4 11. c5 Be6 12. cxd6 Bxb3 13. Qxb3 Qxb3 14. axb3 exd6 15. Nb5 d5 16. Nc7 Rac8 17. Nxd5 Nxd5 18. Bxd5 Bxb2 19. Rab1 Bf6 20. Bxc6 Rxc6 21. Bxa7 Ra8 22. Be3 Kg7 23. Rfc1 Rxc1+ 24. Rxc1 Ra3 25. b4 Rb3 26. Rc4 Be5 27. Bd4 Kf6 28. f4 Bxd4+ 29. Rxd4 Ke6 30. Kf2 f5 31. h3 h6 32. e3 g5 33. Kf3 b5 34. g4 fxg4+ 35. hxg4 gxf4 36. Kxf4 Rb1 37. Ke4 Rb3 38. Kf4 Rb1 39. Re4+ Kf6 40. Kf3 Rb2 41. Kg3 Rc2 42. Rf4+ Ke5 43. Rf5+ Ke4 44. Rxb5 Re2 45. Rb6 Rxe3+ 46. Kh4 Rb3 47. Rxh6 Rxb4 48. Rf6 Ke5 49. Rf1 Rb7 50. g5 Rh7+ 51. Kg4 Ke6 52. g6 Rh2 53. Kg5 Ke7 54. g7 Rg2+ 55. Kh6 Rh2+ 56. Kg6 Rg2+ 57. Kh7 Rh2+ 58. Kg8 Rh3 59. Re1+ Kd7 60. Re4 Rh2 61. Kf7 Rf2+ 62. Kg6 Rg2+ 63. Kf6 Rg1 64. Re5 1-0

[Event "Keres Memorial 36th"]
[Site "Vancouver"]
[Date "2011.05.20"]
[Round "1"]
[White "Kong, Dezheng"]
[Black "Lee, Vicente"]
[Result "0-1"]
[WhiteElo "2040"]
[BlackElo "2263"]
[PlyCount "86"]
[EventDate "2011.05.20"]
[EventType "swiss"]
[EventRounds "7"]
[EventCountry "CAN"]
[SourceTitle "CBM 142 Extra"]
[Source "ChessBase"]
[SourceDate "2011.06.27"]
[SourceVersion "1"]
[SourceVersionDate "2011.06.27"]
[SourceQuality "1"]

1. d4 d5 2. Nf3 Nf6 3. e3 c5 4. b3 Nc6 5. Bb2 Bg4 6. Be2 e6 7. 0-0 Bd6 8. Nbd2 0-0 9. h3 Bh5 10. Ne5 Bxe2 11. Qxe2 cxd4 12. exd4 Rc8 13. Ndf3 h6 14. c4 Qe7 15. Rac1 Rfd8 16. Rfd1 Ba3 17. c5 Bxb2 18. Qxb2 Ne4 19. b4 Qf6 20. b5 Ne7 21. c6 bxc6 22. bxc6 Rc7 23. Qb4 Ng6 24. Nxg6 Qxg6 25. Ne5 Qg5 26. Rf1 Rdc8 27. f4 Qh5 28. Rf3 f6 29. Nd3 Qe8 30. Qa4 Rxc6 31. Rxc6 Qxc6 32. Qxa7 Ra8 33. Qe7 Rxa2 34. Kh2 Rd2 35. Nb4 Qb6 36. Qe8+ Kh7 37. Nc6 Qb2 38. Rg3 Nxg3 39. Kxg3 Rxg2+ 40. Kh4 Qf2+ 41. Kh5 Qf3+ 42. Kh4 Qxf4+ 43. Kh5 Qg5# 0-1

[Event "CAN-ch U12"]
[Site "Windsor"]
[Date "2010.07.08"]
[Round "5"]
[White "Song, Edward"]
[Black "Kong, Dezheng"]
[Result "1-0"]
[WhiteElo "1850"]
[BlackElo "2006"]
[PlyCount "190"]
[EventDate "2010.07.06"]
[EventType "swiss"]
[EventRounds "7"]
[EventCountry "CAN"]
[SourceTitle "EXT 2012"]
[Source "ChessBase"]
[SourceDate "2011.11.24"]
[SourceVersion "1"]
[SourceVersionDate "2011.11.24"]
[SourceQuality "1"]

1. d4 d5 2. c4 c6 3. Nc3 Nf6 4. Nf3 e6 5. Bg5 Be7 6. e3 Nbd7 7. Bd3 dxc4 8. Bxc4 b5 9. Bd3 Bb7 10. e4 h6 11. Bh4 a6 12. 0-0 0-0 13. Rc1 Rc8 14. Qe2 Re8 15. Rfd1 b4 16. Na4 Qa5 17. b3 e5 18. dxe5 Nxe5 19. Nd4 Nxd3 20. Rxd3 Bd8 21. f3 Re5 22. Bg3 Rh5 23. Nf5 Bb6+ 24. Kh1 Rf8 25. Nd6 Ba8 26. Nc4 Qg5 27. f4 Qg6 28. Naxb6 Nxe4 29. Qf3 Bb7 30. Ne5 Qf5 31. Nbd7 Re8 32. Qg4 Qxg4 33. Nxg4 Bc8 34. Kg1 Re7 35. Nde5 Bf5 36. Rd8+ Kh7 37. Ne3 Be6 38. Rxc6 Nc3 39. Kf2 Nxa2 40. Rxa6 Bxb3 41. Raa8 Rhxe5 42. fxe5 Be6 43. Rdb8 Rd7 44. Re8 b3 45. Red8 b2 46. Rdb8 Rd2+ 47. Ke1 Rd3 48. Rxb2 Rxe3+ 49. Kd2 Re4 50. Rbxa2 Bxa2 51. Rxa2 f6 52. exf6 gxf6 53. Kd3 Re6 54. Rf2 Kg6 55. Re2 Ra6 56. Ke3 Ra5 57. Rc2 Ra4 58. Rc6 Ra3+ 59. Ke4 Ra4+ 60. Kf3 Ra3+ 61. Kg4 Ra4+ 62. Bf4 Rb4 63. Rc5 Rb2 64. Kh3 Rb3+ 65. g3 Rd3 66. Rc8 h5 67. Rh8 Rd5 68. Rh6+ Kg7 69. Kh4 Rd4 70. Rxh5 Kg6 71. Rc5 Rd8 72. Kg4 Rf8 73. Rc6 Kg7 74. Kf5 Rf7 75. h4 Ra7 76. h5 Ra5+ 77. Kg4 Kf7 78. h6 Kg6 79. Rc7 f5+ 80. Kf3 Ra3+ 81. Be3 Ra1 82. Rg7+ Kh5 83. h7 Ra8 84. Rg5+ Kh6 85. Rg8+ Kxh7 86. Rxa8 f4 87. Bxf4 Kg6 88. Ra6+ Kf7 89. g4 Kg7 90. g5 Kf7 91. Kg4 Ke7 92. g6 Kd7 93. g7 Ke7 94. g8Q Kd7 95. Qf7+ Kc8 1-0

[Event "CAN-ch U12"]
[Site "Windsor"]
[Date "2010.07.07"]
[Round "4"]
[White "Preotu, Razvan"]
[Black "Kong, Dezheng"]
[Result "0-1"]
[WhiteElo "1606"]
[BlackElo "2006"]
[PlyCount "88"]
[EventDate "2010.07.06"]
[EventType "swiss"]
[EventRounds "7"]
[EventCountry "CAN"]
[SourceTitle "EXT 2012"]
[Source "ChessBase"]
[SourceDate "2011.11.24"]
[SourceVersion "1"]
[SourceVersionDate "2011.11.24"]
[SourceQuality "1"]

1. Nf3 Nf6 2. c4 e6 3. g3 d5 4. Bg2 Be7 5. 0-0 0-0 6. b3 c5 7. Bb2 Nc6 8. e3 Bd7 9. d4 dxc4 10. bxc4 cxd4 11. exd4 Qb6 12. Qb3 Qxb3 13. axb3 Rfd8 14. Nc3 Be8 15. Rfd1 a6 16. Ne2 Rab8 17. Bc1 Bd6 18. Bg5 h6 19. Bxf6 gxf6 20. Nc3 Bb4 21. Ne4 Kg7 22. g4 Ne7 23. Nh4 Bc6 24. Rac1 Ng6 25. Nxg6 fxg6 26. h3 Be7 27. Nc3 Be8 28. d5 exd5 29. Nxd5 Bd6 30. f4 Bc6 31. Rf1 Bc5+ 32. Kh1 Rbc8 33. Rfd1 Re8 34. Re1 Kf7 35. Kh2 Bd6 36. Kg1 f5 37. gxf5 gxf5 38. Kf2 Rg8 39. Rcd1 Rcd8 40. Re2 Rg6 41. Rde1 Rdg8 42. Kf1 b5 43. Bh1 Rg1+ 44. Kf2 Bc5+ 0-1

[Event "Washington op"]
[Site "Redmond"]
[Date "2010.05.30"]
[Round "2"]
[White "Perez, Ignacio"]
[Black "Kong, Dezheng"]
[Result "1-0"]
[WhiteElo "2227"]
[BlackElo "1941"]
[PlyCount "75"]
[EventDate "2010.05.30"]
[EventType "swiss"]
[EventRounds "6"]
[EventCountry "USA"]
[SourceTitle "EXT 2017"]
[Source "ChessBase"]
[SourceDate "2016.10.25"]
[SourceVersion "1"]
[SourceVersionDate "2016.10.25"]
[SourceQuality "1"]

1. e4 c5 2. b4 cxb4 3. Bb2 d5 4. exd5 Qxd5 5. Nf3 Nf6 6. Be2 g6 7. 0-0 Bg7 8. a3 Nc6 9. axb4 Nxb4 10. c4 Qd8 11. Qa4+ Nc6 12. d4 0-0 13. d5 Nb8 14. Nc3 Nbd7 15. Qa3 Nb6 16. Rfd1 Bg4 17. d6 exd6 18. c5 Nbd7 19. cxd6 Re8 20. h3 Bf5 21. Nd4 Be4 22. Nxe4 Nxe4 23. Bf3 Qh4 24. Bxe4 Rxe4 25. Nf3 Qh6 26. Rac1 Ree8 27. Rc7 Red8 28. Bc1 Qh5 29. Bg5 Ne5 30. Bxd8 Rxd8 31. d7 Bf8 32. Qb3 a5 33. Nxe5 Qxe5 34. Rc8 Qe7 35. Rxd8 Qxd8 36. Qxb7 a4 37. Qc8 Be7 38. Re1 1-0

[Event "Washington op"]
[Site "Redmond"]
[Date "2010.05.30"]
[Round "4"]
[White "Pupols, Viktors"]
[Black "Kong, Dezheng"]
[Result "1-0"]
[WhiteElo "2195"]
[BlackElo "1941"]
[PlyCount "135"]
[EventDate "2010.05.30"]
[EventType "swiss"]
[EventRounds "6"]
[EventCountry "USA"]
[SourceTitle "EXT 2017"]
[Source "ChessBase"]
[SourceDate "2016.10.25"]
[SourceVersion "1"]
[SourceVersionDate "2016.10.25"]
[SourceQuality "1"]

1. d4 d5 2. Nf3 Nf6 3. c3 c5 4. e3 cxd4 5. exd4 Nc6 6. Bd3 Bg4 7. Bf4 e6 8. Nbd2 Be7 9. Qb3 Qc8 10. Ne5 Nxe5 11. Bxe5 0-0 12. 0-0 Nd7 13. Bg3 Bh5 14. Rfe1 Re8 15. Rac1 Bg5 16. f4 Bf6 17. Qc2 Nf8 18. f5 Bg5 19. fxe6 fxe6 20. Re5 Bxd2 21. Qxd2 Bg6 22. Bb5 Nd7 23. Re3 a6 24. Be2 Nf6 25. Be5 Ne4 26. Qe1 b5 27. Bd3 Ra7 28. Qe2 Rf7 29. Rf1 Rxf1+ 30. Qxf1 Rf8 31. Rf3 Nd2 32. Rxf8+ Qxf8 33. Qxf8+ Kxf8 34. Bxg6 hxg6 35. Kf2 Ne4+ 36. Ke3 Nf6 37. h3 Ke7 38. Kd3 g5 39. b3 Nh5 40. Ke3 Nf6 41. Bc7 Kf7 42. Bd8 Kg6 43. g4 Kf7 44. Ba5 Ke7 45. Kd3 Kd7 46. c4 bxc4+ 47. bxc4 dxc4+ 48. Kxc4 Nd5 49. Bd2 Nf4 50. h4 Kc6 51. Bxf4 gxf4 52. h5 Kd6 53. g5 e5 54. h6 f3 55. Kd3 e4+ 56. Ke3 gxh6 57. gxh6 Kd5 58. h7 f2 59. Kxf2 Kxd4 60. h8Q+ Kd3 61. Qd8+ Kc2 62. Ke3 Kb2 63. Qd2+ Ka3 64. Qc2 Kb4 65. Kd4 e3 66. Qb3+ Ka5 67. Kc5 e2 68. Qa3# 1-0

[Event "CAN-ch U10"]
[Site "Victoria"]
[Date "2009.07.23"]
[Round "5"]
[White "Kong, Dezheng"]
[Black "Graif, William"]
[Result "1-0"]
[WhiteElo "1957"]
[BlackElo "1635"]
[PlyCount "80"]
[EventDate "2009.07.21"]
[EventType "swiss"]
[EventRounds "7"]
[EventCountry "CAN"]
[SourceTitle "EXT 2011"]
[Source "ChessBase"]
[SourceDate "2010.11.26"]
[SourceVersion "1"]
[SourceVersionDate "2010.11.26"]
[SourceQuality "1"]

1. c4 e5 2. Nc3 Nf6 3. g3 d5 4. cxd5 Nxd5 5. Bg2 Be6 6. Nf3 Nc6 7. 0-0 Be7 8. d3 0-0 9. a3 f5 10. Bd2 a5 11. Rc1 h6 12. Re1 Nb6 13. Na4 e4 14. Nh4 Nxa4 15. Qxa4 Bxh4 16. gxh4 Qxh4 17. Be3 Ne5 18. h3 g5 19. Rxc7 g4 20. Qd4 Qf6 21. Rc5 Nd7 22. Qxf6 Rxf6 23. Rc7 gxh3 24. Bxh3 exd3 25. exd3 Rg6+ 26. Kf1 Ne5 27. Ke2 Rd8 28. Rd1 Bb3 29. Rd2 Bd5 30. f4 Nf3 31. Rdc2 Re8 32. Kf2 Nh4 33. Rc8 Rxc8 34. Rxc8+ Kf7 35. Bf1 Rc6 36. Rxc6 Bxc6 37. d4 Ke6 38. Bc4+ Kd6 39. Bf7 a4 40. Bh5 Kc7 1-0

[Event "Canadian op"]
[Site "Edmonton"]
[Date "2009.07.13"]
[Round "3"]
[White "Kong, Dezheng"]
[Black "Vanheirzeele, Daniel"]
[Result "1/2-1/2"]
[WhiteElo "1890"]
[BlackElo "2137"]
[PlyCount "64"]
[EventDate "2009.07.11"]
[EventType "swiss"]
[EventRounds "9"]
[EventCountry "CAN"]
[SourceTitle "CBM 132 Extra"]
[Source "ChessBase"]
[SourceDate "2009.11.03"]
[SourceVersion "1"]
[SourceVersionDate "2009.11.03"]
[SourceQuality "1"]

1. e4 c5 2. Nf3 d6 3. d4 cxd4 4. Nxd4 Nf6 5. Nc3 g6 6. Be2 Bg7 7. Be3 Nc6 8. h3 0-0 9. 0-0 Bd7 10. Qd2 Rc8 11. Rad1 Ne5 12. f4 Rxc3 13. Qxc3 Nxe4 14. Qb4 Ng3 15. fxe5 dxe5 16. Rf3 exd4 17. Rxg3 Qc7 18. Bf2 Qxc2 19. Qd2 Qc7 20. Ra3 Bc6 21. Bf3 Bxf3 22. Rxf3 e5 23. Bg3 Qc6 24. Rc1 Qd5 25. Rfc3 Qa5 26. R3c2 Qxd2 27. Rxd2 Bh6 28. Rdc2 Bxc1 29. Rxc1 f6 30. Rc7 Rf7 31. Rc8+ Kg7 32. Kf2 Rd7 1/2-1/2

[Event "Canadian op"]
[Site "Edmonton"]
[Date "2009.07.11"]
[Round "1.95"]
[White "Kong, Dezheng"]
[Black "McCullough, Ian"]
[Result "1-0"]
[WhiteElo "1890"]
[BlackElo "694"]
[PlyCount "55"]
[EventDate "2009.07.11"]
[EventType "swiss"]
[EventRounds "9"]
[EventCountry "CAN"]
[SourceTitle "EXT 2022"]
[Source "ChessBase"]
[SourceDate "2021.10.06"]
[SourceVersion "1"]
[SourceVersionDate "2021.10.06"]
[SourceQuality "1"]

1. e4 e6 2. d4 d5 3. exd5 exd5 4. c4 Bb4+ 5. Bd2 Bxd2+ 6. Nxd2 Nf6 7. Ngf3 Bg4 8. Be2 Nc6 9. c5 0-0 10. 0-0 Re8 11. a3 a5 12. h3 Bh5 13. Re1 Ra6 14. Bxa6 bxa6 15. Qa4 Qd7 16. Rxe8+ Qxe8 17. Re1 Qd7 18. b4 axb4 19. axb4 h6 20. Qxa6 Nxb4 21. Qa8+ Kh7 22. Ne5 Qe8 23. Qxe8 Nxe8 24. g4 Bg6 25. Nxg6 Kxg6 26. Rxe8 Nc6 27. Nf3 f5 28. Re6+ 1-0

[Event "Winnipeg Grand Prix op-B"]
[Site "Winnipeg"]
[Date "2008.12.09"]
[Round "5"]
[White "Green, Jim"]
[Black "Kong, Dezheng"]
[Result "1-0"]
[WhiteElo "1754"]
[BlackElo "1870"]
[PlyCount "105"]
[EventDate "2008.11.04"]
[EventType "tourn"]
[EventRounds "6"]
[EventCountry "CAN"]
[SourceTitle "EXT 2011"]
[Source "ChessBase"]
[SourceDate "2010.11.26"]
[SourceVersion "1"]
[SourceVersionDate "2010.11.26"]
[SourceQuality "1"]

1. e4 c5 2. Nf3 e6 3. d3 Nf6 4. Nbd2 d6 5. g3 Be7 6. Bg2 0-0 7. 0-0 Nc6 8. c3 e5 9. a4 Be6 10. Ng5 d5 11. Nxe6 fxe6 12. Bh3 Qd6 13. Qe2 Rae8 14. Nf3 h6 15. Nh4 Kh7 16. f4 Nd7 17. Qh5 Bxh4 18. Qxh4 exf4 19. Bxf4 e5 20. Bd2 Ne7 21. Qg4 Nf6 22. Qe2 dxe4 23. dxe4 Rd8 24. Rad1 Qb6 25. b4 cxb4+ 26. Be3 Qc6 27. cxb4 Rxd1 28. Rxd1 Qxe4 29. Bg2 Qxb4 30. Qc2+ Ng6 31. Bc5 Rc8 32. Qxg6+ Kxg6 33. Bxb4 Rc4 34. Bd6 e4 35. a5 b6 36. axb6 axb6 37. Bf4 b5 38. h3 h5 39. Rb1 b4 40. Bf1 Rd4 41. Be3 Rd5 42. Rxb4 Rd1 43. Kf2 Kf5 44. Rb5+ Rd5 45. Rxd5+ Nxd5 46. Be2 g6 47. Bc4 Nb4 48. Bd2 Nc6 49. Bc3 h4 50. g4+ Kf4 51. Bd2+ Ke5 52. Ke3 Ne7 53. Bc3+ 1-0